[Event "Montigny le Bretonneux op 21st"]
[Site "Montigny le Bretonneux"]
[Date "2023.10.22"]
[Round "2"]
[White "Benhadid, Jazzmine"]
[Black "Tanchoux, Pierre"]
[Result "1-0"]
[WhiteElo "1441"]
[BlackElo "1242"]
[PlyCount "57"]
[EventDate "2023.10.21"]
[EventType "swiss"]
[EventRounds "7"]
[EventCountry "FRA"]
[SourceTitle "Mega2024 Update 01"]
[Source "Chessbase"]
[SourceDate "2023.11.12"]
[SourceVersion "1"]
[SourceVersionDate "2023.11.12"]
[SourceQuality "1"]

1. e4 c5 2. Nf3 d6 3. d4 cxd4 4. Nxd4 Nf6 5. Nc3 a6 6. Be2 e6 7. 0-0 Be7 8. Bg5 0-0 9. Qd2 Nc6 10. Rad1 Qc7 11. f4 Nxd4 12. Qxd4 e5 13. Qd3 b5 14. Bxf6 gxf6 15. Nd5 Qd8 16. Nxe7+ Qxe7 17. Qxd6 Qxd6 18. Rxd6 Kg7 19. f5 Bb7 20. Bd3 Rfd8 21. Rb6 Rab8 22. Rf3 Bxe4 23. Rg3+ Kh8 24. Rxb8 Rxb8 25. Bxe4 Rc8 26. Rc3 Rd8 27. Rd3 Rc8 28. Rd6 Rc4 29. Bd3 1-0